000 00874nam a22002417a 4500
003 DO-SdBNP
005 20221114111309.0
008 171128b1963 sp||| 00| 0 spa d
040 _aBPMSU
_bspa
_cBPMSU
082 _a338.9
_bB763p 1963
_222
100 1 _aE. Boulding, Kenneth
_d1910-1993
245 1 0 _aPrincipios de política económica /
_cKenneth E. Boulding ; traducción y prólogo Francisco Alemany Torres
260 _aEspaña :
_bAguilar,
_c1963.
300 _axxvi, 427 p. ;
_c22 cm.
500 _aIncluye índice
500 _aIncluye referencias bibliográficas y notas al pie de las páginas.
534 _aTítulo origina :
_tTítulo original. $tPrinciples of economic policy.
590 _6inventariado, 2022/VM
650 4 _aPolítica económica.
700 1 _aAlemany Torres, Francisco,
_etr.
910 _aBTAVAREZ/VMateo V. /Validado
942 _2ddc
_cBK
999 _c13156
_d13156